| 000 | 01042nam a2200241Ia 4500 | ||
|---|---|---|---|
| 003 | Ost | ||
| 005 | 20260507075408.0 | ||
| 008 | 260507s9999||||xx |||||||||||||| ||und|| | ||
| 020 | _a9135410977 | ||
| 040 | _cfsecg | ||
| 041 | _aara | ||
| 082 | _a330 | ||
| 100 |
_aالمكاوي، محمد محمود _eمؤلف |
||
| 245 | 0 |
_aالبنوك الإسلامية / _c محمد محمود المكاوي |
|
| 260 |
_aالإسكندرية: _bالمكتبة العصرية, _c2009 |
||
| 300 |
_a382 صفحة؛ _bإيضاحات ؛ _c24 سم |
||
| 504 | _aالمراجع ص.375 | ||
| 520 | _aيضم الأساس الفكري للعمل المصرفي، مبادئ التمويل المصرفي الإسلامي، التمويل المصرفي الإسلامي، منهجية إتخاذ القرار التمويلي ضوابط وتطوير صيغ التمويل الإسلامي | ||
| 653 | _aالإقتصاد الإسلامي | ||
| 653 | _aالبنوك الإسلامية | ||
| 653 | _aالتمويل المصرفي | ||
| 942 | _cكتاب | ||
| 999 |
_c44339 _d44339 |
||